Elements Used in Making Smartphones - Statistics

General Stats
  • This quiz has been taken 42 times
  • The average score is 12 of 38
Answer Stats
Screen % Correct
Gold
78%
Copper
74%
Lithium
74%
Silver
74%
Carbon
67%
Carbon
67%
Cobalt
59%
Silicon
56%
Silicon
56%
Aluminium
52%
Aluminium
52%
Oxygen
52%
Oxygen
52%
Oxygen
52%
Magnesium
37%
Potassium
37%
Tin
37%
Nickel
33%
Nickel
33%
Phosphorus
26%
Bromine
22%
Gallium
22%
Arsenic
15%
Yttrium
15%
Europium
11%
Indium
11%
Antimony
7%
Gadolinium
7%
Gadolinium
7%
Lanthanum
4%
Neodymium
4%
Tantalum
4%
Terbium
4%
Terbium
4%
Dysprosium
0%
Dysprosium
0%
Praseodymium
0%
Praseodymium
0%
No matching quizzes found
Score Distribution
Percent of People with Each Score
Percentile by Number Answered
Your Score History
You have not taken this quiz